| 000 | 00854nam a2200253 i 4500 | ||
|---|---|---|---|
| 001 | bg | ||
| 003 | BPK | ||
| 005 | 20191218143836.0 | ||
| 008 | 980713s1996 pl a f f |000 0 pol | ||
| 015 | _aPB 1997/3555 | ||
| 020 | _a8390513455 | ||
| 040 |
_aWA N _cBPK |
||
| 080 | _a621.56/.59 | ||
| 080 | _a(075.8) | ||
| 100 | 1 |
_aRubik, Marian _eAutor |
|
| 245 | 1 | 0 |
_aPompy ciepła : _bporadnik / _caut. Marian Rubik ; [Branżowy Ośrodek Informacji Naukowej, Technicznej i Ekonomicznej "Instal"]. |
| 260 |
_aWarszawa : _bBOINTiE "Instal" - Janusz Wróblewski, _c1996. |
||
| 300 |
_a121 s. : _bfot., rys., wykr. ; _c30 cm. |
||
| 504 | _aBibliogr. s. 119-121. | ||
| 655 | 4 | _aPoradnik | |
| 650 | 4 | _aPompa ciepła | |
| 856 |
_uhttp://koha.tu.koszalin.pl/cgi-bin/koha/opac-detail.pl?biblionumber=24173 _yKatalog online BPK |
||
| 942 |
_2UKD _cKA |
||
| 999 |
_c24173 _d24173 |
||